Biggie, 2pac, Dre or Snoop - Statistics

General Stats
  • This quiz has been taken 225 times
  • The average score is 10 of 12
Answer Stats
Question Answer % Correct
Big Poppa Biggie
100%
Juicy Biggie
96%
Hypnotize Biggie
96%
Drop It Like It’s Hot Snoop Dogg
96%
Dear Mama 2pac
92%
Changes 2pac
92%
Mo Money Mo Problems Biggie
75%
Forgot About Dre Dr. Dre
71%
Nuthin But A G Thang Multiple Of These
71%
Who Am I Snoop Dogg
63%
Still D.R.E. Multiple Of These
54%
California Love Multiple Of These
46%
No matching quizzes found
Score Distribution
Percent of People with Each Score
Percentile by Number Answered
Your Score History
You have not taken this quiz